| 000 | 01304nam a2200253Ia 4500 | ||
|---|---|---|---|
| 003 | Ost | ||
| 005 | 20260507075652.0 | ||
| 008 | 260507s9999||||xx |||||||||||||| ||und|| | ||
| 020 | _a6120249957 | ||
| 040 | _cfsecg | ||
| 041 | _aara | ||
| 082 | _a658.4 | ||
| 100 |
_aمعروف، هوشيار _eمؤلف |
||
| 245 | 0 |
_aدراسات الجدوى الإقتصادية وتقييم المشروعات / _c هوشيار معروف |
|
| 260 |
_aعمان: _bدار صفاء للنشر والتوزيع, _c2004 |
||
| 300 |
_a288 صفحة؛ _bإيضاحات ؛ _c24 سم |
||
| 504 | _aالمراجع ص.288 | ||
| 520 | _aأساسيات دراسات الجدوى وتقييم المشروعات- أنواع دراسات الجدوى والربحية المستهدفة- تحليل المعلومات الأساسية لدراسات الجدوى وتقييم المشروعات- معايير الجدوى الإقتصادية وتقييم المشروعات- أساليب ومؤشرات تقييم الجدوى الإقتصادية- إعداد تقارير الجدوى وعرض حالات تطبيقية. | ||
| 653 | _aإدارة المشروعات | ||
| 653 | _aالتحليل الإقتصادي | ||
| 653 | _aتقييم المشاريع | ||
| 653 | _aدراسات الجدوى | ||
| 942 | _cكتاب | ||
| 999 |
_c45624 _d45624 |
||